Taylor Swift- the lakes (All Lyrics) - Statistics

General Stats
  • This quiz has been taken 26 times
  • The average score is 185 of 233
Answer Stats
Lyrics % Correct
a
100%
A
100%
all
100%
be
100%
I
100%
me?
100%
me
100%
poets
100%
Take
100%
the
100%
to
100%
went
100%
where
100%
you
100%
belong
95%
die
95%
do
95%
don't
95%
Lakes
95%
neither
95%
and,
91%
and
91%
And
91%
but
91%
my
91%
perfect
91%
beloved,
86%
cry
86%
look
86%
place
86%
cut
82%
I'm
82%
Is
82%
it
82%
like
82%
muse
82%
no
82%
No,
82%
not
82%
of
82%
Those
82%
with
82%
With
82%
without
82%
for
77%
how
77%
out
77%
romantic
77%
these
77%
These
77%
cell
73%
hunters
73%
In
73%
in
73%
off,
73%
peaks
73%
phones
73%
setting
73%
eulogize
68%
What
68%
what
68%
Windermere
68%
clones
64%
elegies
64%
here
64%
one
64%
over
64%
want
64%
'Cause
59%
cynical
59%
grew
59%
rose
59%
should
59%
stopping
59%
tweet
59%
words
59%
worth
59%
are
55%
burrowed
55%
heart-
55%
hurt
55%
namedropping
55%
sad
55%
skin
55%
some
55%
Tell
55%
too
55%
under
55%
watch
55%
waves
55%
around
50%
auroras
50%
feet
50%
ground
50%
haven't
50%
ice
50%
I've
50%
love
50%
moved
50%
prose
50%
red
50%
up
50%
years
50%
bare
45%
frozen
45%
grow
45%
right
45%
cliffside
41%
come
41%
far
41%
grief
41%
looks
41%
pools
41%
sleaze
41%
wisteria
41%
bathe
36%
insurmountable
36%
calamitous
32%
While
23%
No matching quizzes found
Score Distribution
Percent of People with Each Score
Percentile by Number Answered
Your Score History
You have not taken this quiz